000 00528nam a2200193Ia 4500
005 20250326143252.0
008 250326s9999 xx 000 0 und d
020 _a0-07-047403-6
037 _aTextbook
040 _aFMSL
_beng
_cFMSL
041 _aeng
_2eng
084 _aX:51 P3
_qFMSL
100 _aParameswaran S K
_9747735
245 0 _aFutures markets
_cParameswaran S K
260 _aNew Delhi
_bNew Delhi, Tata McGraw Hill
_c2003
300 _a345p
942 _cTB
_hX:51 P3
999 _c1298852
_d1298852